000 00710 a2200205 4500
999 _c1843
_d1843
020 _a108131518965
050 0 0 _aHF 1017 QUA 2013
100 1 _aAnderson, David R.
_d1941-
245 1 0 _aQuantitative methods for business /
_cDavid R. Anderson, Dennis J. Sweeney, Thomas A. Williams.
250 _a12.ed.
264 _aIndia:
_bCengage Learning,
_c2013
300 _axviii, 880 p. :
_bill. ;
500 _aIncludes index.
650 0 _aManagement science.
700 1 _aSweeney, Dennis J.
700 1 _aWilliams, Thomas A.
_q(Thomas Arthur),
_d1944-
942 _2lcc
_cBK
_e12th.
_h 1017
_iQUA
_kHF